| 000 | 02215nam a2200457 c 4500 | ||
|---|---|---|---|
| 003 | BLK | ||
| 005 | 20250417170129.0 | ||
| 008 | 180411b bul|||||r ||||||| ||bul|| | ||
| 010 | _aKNG00187685000 | ||
| 020 |
_a978-619-90574-0-7 _bиздат.: ПингПонгИвентс |
||
| 040 | _aBLK | ||
| 041 |
_aBUL _cBUL |
||
| 072 | 7 |
_2bullib _aН84 _xБългарска художествена литература Н |
|
| 080 |
_aБългарска литература _b821.163.2 _x-94 _z821.163.2-94 |
||
| 080 |
_aЦигулари интерпретатори _b787.1.071.2 _x(497.2)(092) _z787.1.071.2(497.2)(092) |
||
| 080 |
_aБългарски цигулар _b929 Василев, Васко Петров _x _z929 Василев, Васко Петров |
||
| 100 |
_aВасилев, Васко Петров _d1970- _cЦигулар. Концертмайстор на оркестъра към Кралската опера - Лондон. _eпърви автор _9323058 |
||
| 139 |
_aВасилев, Васко Петров _bВ 24 |
||
| 245 | 1 | 0 |
_aВаско@40+5 _cВаско Петров Василев. |
| 257 | _aBGR | ||
| 260 |
_аСофия _bПингПонгИвентс _c2016 |
||
| 300 |
_a168 с. _bс цв. сн. _c22 см |
||
| 380 | _aX | ||
| 600 | 0 |
_aВасилев, Васко Петров _d1970- _cЦигулар. Концертмайстор на оркестъра към Кралската опера - Лондон. _9323058 |
|
| 650 | 4 |
_aЦигулари, български _9258557 |
|
| 650 | 4 |
_aВасилев, Васко Петров _9378307 |
|
| 650 | 4 |
_aМузиканти, български - мемоари, спомени, интервюта _9255674 |
|
| 651 | 4 |
_aБългария _9241624 |
|
| 653 | _aВаско Василев | ||
| 653 | _aцигулари | ||
| 653 | _aбългарски музиканти | ||
| 653 | _aмузикални изпълнители | ||
| 653 | _aспомени | ||
| 659 | _aН | ||
| 852 | _aЦб 280388 | ||
| 856 | 4 |
_qpdf _u |
|
| 856 | 4 |
_qpdf _u |
|
| 942 |
_cKNG _n0 _067 |
||
| 944 |
_aCR _c14.04.2016 _lЦветомила Тодорова _k30576 |
||
| 944 |
_aED _c15.11.2017 _lф / _kПенка_Димитрова |
||
| 999 |
_c178925 _d178925 |
||